[Event "Sufe Cup"]
[Site "Shanghai CHN"]
[Date "2000.03.08"]
[Round "6"]
[White "Filippov,V"]
[Black "Yin Hao"]
[Result "1-0"]
[WhiteElo "2584"]
[BlackElo "2496"]

1.c4 Nf6 2.Nc3 c5 3.Nf3 d5 4.cxd5 Nxd5 5.d4 e6 6.e4 cxd4 7.Qxd4 Nc6 8.Bb5 Nxc3
9.Bxc6+ bxc6 10.Qxc3 Qb6 11.O-O Qc5 12.Qb3 Qb6 13.Be3 Qxb3 14.axb3 a6 15.Ne5 Bb7
16.Rfd1 Be7 17.Rd7 Bf6 18.Rxb7 Bxe5 19.f4 Rb8 20.Ra7 Bd6 21.e5 Bb4 22.R1xa6 c5
23.Kf2 O-O 24.Ke2 h5 25.Rc6 Rb5 26.Rcc7 g5 27.fxg5 Kg7 28.h4 Kg6 29.g3 Rbb8
30.Ra1 Rbc8 31.Rxc8 Rxc8 32.Rf1 Ra8 33.Kd3 Ra2 34.Kc2 Ra6 35.Rf6+ Kg7 36.Rf4 Be1
37.g4 hxg4 38.Rxg4 Kg6 39.Bxc5 Rc6 40.Rc4 Bxh4 41.b4 Bxg5 42.b5 Rc7 43.b6 Rb7
44.Ra4 Rb8 45.Rb4 Rb7 46.Kd3 Kf5 47.Ra4 Kxe5 48.Ra7 Rb8 49.Rd7 Kf6 50.b7 Bf4
51.Ke4 Bh2 52.Bd4+ e5 53.Ba7 Ke6 54.Bxb8 f5+ 55.Ke3 Kxd7 56.Bd6  1-0

[Event "55th ch-YUG"]
[Site "Subotica YUG"]
[Date "2000.03.20"]
[Round "4"]
[White "Damljanovic,B"]
[Black "Antic,D"]
[Result "0-1"]
[WhiteElo "2534"]
[BlackElo "2491"]

1.c4 Nf6 2.Nc3 c5 3.Nf3 d5 4.cxd5 Nxd5 5.d4 Nxc3 6.bxc3 g6 7.e4 Bg7 8.Be3 Qa5
9.Qd2 O-O 10.Rc1 cxd4 11.cxd4 Qxd2+ 12.Kxd2 Rd8 13.Bd3 Nc6 14.Rc4 f5 15.exf5 Bxf5
16.Bxf5 gxf5 17.Ke2 Rd5 18.Rb1 Rad8 19.a4 a6 20.g3 R8d7 21.h4 Bf6 22.h5 Kf7
23.Rb6 R5d6 24.Kf1 Rd5 25.Rcxc6 bxc6 26.Rxa6 f4 27.Bxf4 Rxh5 28.Be5 Rh1+
29.Kg2 Rc1 30.g4 Rc2 31.g5 Bg7 32.a5 Rb7 33.d5 Bxe5 34.Nxe5+ Kg7 35.Nxc6 Rbb2
36.Ra7 Rxf2+ 37.Kg3 Kg6 38.Rxe7 Kxg5 39.d6 Rfd2 40.Re5+ Kf6 41.Re3 Rxd6 42.Rf3+ Kg7
43.Rc3 Ra2 44.Kf4 Kf6 45.Rc5 Ra4+ 46.Ke3 Ke6 47.Rc3 Rd5 48.Kf3 Kd6 49.Nd8 Rh4
50.Nb7+ Ke5 51.Kg3 Ra4 52.Re3+ Kf5 53.Rf3+ Kg5 54.Rc3 h5 55.Nc5 Rxa5 56.Ne4+ Kf5
57.Nf2 Rd4 58.Rf3+ Kg6 59.Rb3 Rda4 60.Rb6+ Kf5 61.Rb8 Rc4 62.Rf8+ Kg6 63.Nh3 Ra3+
64.Kg2 Rg4+ 65.Kh2 Rh4 66.Rg8+ Kf6 67.Rg3 Rxg3 68.Kxg3 Rg4+  0-1

[Event "Ciocaltea Mem"]
[Site "Bucharest ROM"]
[Date "2000.03.21"]
[Round "8"]
[White "Marin,M"]
[Black "Marjanovic,S"]
[Result "1/2-1/2"]
[WhiteElo "2555"]
[BlackElo "2524"]

1.c4 c5 2.Nf3 Nf6 3.Nc3 d5 4.cxd5 Nxd5 5.g3 Nc6 6.Bg2 Nc7 7.O-O e5 8.a3 f6
9.e3 Be7 10.d4 cxd4 11.exd4 exd4 12.Ne2 Ne6 13.b4 d3 14.Nf4 Nxf4 15.Bxf4 Bg4
16.Qb3 Qd7 17.Rfe1 Rd8 18.Rad1 a5 19.b5 Nd4 20.Nxd4 Bxd1 21.Rxd1 Qxd4 22.Bxb7 a4
23.Qe6 Kf8 24.Be4 Bc5 25.Be3 Qd6 26.Qxd6+ Bxd6 27.Rxd3 Ke7 28.b6 Be5 29.Bd5 Rc8
30.Bd2 Rhd8 31.b7 Rb8 32.Bb4+ Bd6 33.Re3+ Kd7 34.Be6+ Kc6 35.Bxd6 Rxd6 36.Bc8 Rd1+
37.Kg2 Rb1 38.Re7 Rb3 39.Rxg7 Rxa3 40.Rxh7 Rd3 41.Rh4 Kb5 42.Rh5+ Kb4 43.Rh4+ Kb5
44.Rh5+ Kb4 45.Rh4+  1/2-1/2

[Event "Cat XI Spring"]
[Site "Kiev UKR"]
[Date "2000.03.23"]
[Round "2"]
[White "Korotylev,A"]
[Black "Kasparov,S"]
[Result "0-1"]
[WhiteElo "2477"]
[BlackElo "2465"]

1.Nf3 Nf6 2.c4 c5 3.Nc3 e6 4.g3 b6 5.Bg2 Bb7 6.O-O Be7 7.d4 cxd4 8.Qxd4 d6
9.b3 Nbd7 10.Rd1 a6 11.e4 Qc7 12.Qe3 O-O 13.Bb2 Rac8 14.Nd4 Qb8 15.Rac1 Rfe8
16.Qd2 Qa8 17.Re1 Nc5 18.f3 Bf8 19.Rc2 Qa7 20.Kh1 Qb8 21.Qd1 Ncd7 22.Rce2 Red8
23.a4 Nc5 24.Re3 Qa8 25.h3 g6 26.Nce2 Bg7 27.Ba1 Qb8 28.g4 e5 29.Nc2 b5 30.axb5 axb5
31.Nb4 bxc4 32.bxc4 Bxe4 33.Bc3 Ba8 34.f4 Nce4 35.Qb3 Qb6 36.Ng3 Nf2+ 37.Kh2 N6xg4+
38.hxg4 Nxg4+ 39.Kh3 Nxe3 40.Bxa8 Rxa8  0-1

[Event "Cat XI Spring"]
[Site "Kiev UKR"]
[Date "2000.03.25"]
[Round "4"]
[White "Gritsak,O"]
[Black "Kasparov,S"]
[Result "1/2-1/2"]
[WhiteElo "2522"]
[BlackElo "2465"]

1.Nf3 Nf6 2.c4 c5 3.Nc3 e6 4.d4 cxd4 5.Nxd4 a6 6.e4 Qc7 7.Be3 b6 8.Bd3 Bb7
9.O-O Nc6 10.Rc1 Bc5 11.Nc2 Ne5 12.h3 Qd6 13.Bxc5 bxc5 14.Ne1 g5 15.Nf3 Qxd3
16.Nxe5 Qd4 17.Ng4 Ke7  1/2-1/2

[Event "21st Open A"]
[Site "Bled SLO"]
[Date "2000.03.26"]
[Round "2"]
[White "Jakovljevic,Vlado"]
[Black "Fucak,E"]
[Result "1/2-1/2"]
[WhiteElo "2310"]
[BlackElo "2334"]

1.Nf3 e6 2.c4 c5 3.Nc3 Nf6 4.d4 cxd4 5.Nxd4 a6 6.g3 Qc7 7.Bg2 Be7 8.O-O O-O
9.Bf4 d6 10.Nb3 Nbd7 11.Rc1 Nc5 12.Nd2 a5 13.Nb3 Bd7 14.Nd4 Ra6 15.e4 Qb8
16.Ndb5 h6 17.h3 Rd8 18.Qe2 e5 19.Be3 Bc6 20.f3 Ra8 21.b3 b6 22.h4 Qb7 23.Rfd1 Ne8
24.Rc2 Nc7 25.Nxc7 Qxc7 26.Nd5 Qb7 27.f4 exf4 28.Bxf4 Bf8 29.Qg4 Kh8 30.Rf2 Re8
31.Bc1 Bxd5 32.Rxd5 Re5 33.Rd4 Rae8 34.Rf5 Qe7 35.Bf4 Rxf5 36.Qxf5 Ne6 37.Rd5 Nxf4
38.Qxf4 Qc7 39.Rf5 Kg8 40.Rd5  1/2-1/2

[Event "Amber Blindfold"]
[Site "Monaco MNC"]
[Date "2000.03.27"]
[Round "10"]
[White "Van Wely,L"]
[Black "Piket,Je"]
[Result "0-1"]
[WhiteElo "2646"]
[BlackElo "2633"]

1.c4 Nf6 2.Nc3 c5 3.Nf3 d5 4.cxd5 Nxd5 5.e4 Nxc3 6.dxc3 Qxd1+ 7.Kxd1 Nc6
8.Kc2 b6 9.Bb5 Bd7 10.a4 f6 11.Rd1 O-O-O 12.Be3 e6 13.Rd3 Be7 14.Rad1 Nb8
15.Nd2 Bc6 16.b3 Rxd3 17.Bxd3 Bd8 18.a5 Bc7 19.axb6 axb6 20.Nc4 Nd7 21.f4 Kb7
22.Na3 Ra8 23.Kb2 g5 24.fxg5 fxg5 25.Bb5 Nf6 26.Bxg5 Nxe4 27.Be3 Nxc3 28.Kxc3 Rxa3
29.Bxc6+ Kxc6 30.Kb2 Ra7 31.Bd2 Bxh2 32.Rh1 Be5+ 33.Kc2 Rg7 34.Rh5 Bd4 35.g4 Rxg4
36.Rxh7 Rg2 37.Kd3 Rg3+ 38.Kc2 b5 39.Rc7+ Kxc7 40.Bf4+ Kc6 41.Bxg3 Kd5 42.Kd3 e5
43.Bh4 e4+ 44.Kc2 c4 45.Be7 e3 46.Bb4 Bc5 47.Be1 cxb3+ 48.Kxb3 Kd4 49.Kc2 Kc4  0-1

[Event "Amber Rapidplay"]
[Site "Monaco MNC"]
[Date "2000.03.27"]
[Round "10"]
[White "Piket,Je"]
[Black "Van Wely,L"]
[Result "1/2-1/2"]
[WhiteElo "2633"]
[BlackElo "2646"]

1.Nf3 Nf6 2.c4 c5 3.Nc3 d5 4.cxd5 Nxd5 5.d4 Nxc3 6.bxc3 g6 7.e3 Bg7 8.Bb5+ Bd7
9.Rb1 Bxb5 10.Rxb5 b6 11.O-O Nd7 12.e4 O-O 13.Bg5 h6 14.Bh4 Qc7 15.d5 Ne5
16.Bg3 Qd7 17.a4 Nxf3+ 18.Qxf3 f5 19.Qe3 e5 20.dxe6 Qxe6 21.exf5 Qxe3 22.fxe3 Rxf5
23.Rxf5 gxf5 24.a5 Bxc3 25.axb6 axb6 26.Rxb6 Ra1+ 27.Kf2 Be1+ 28.Kf3 Bxg3
29.Kxg3 Kg7 30.Rc6 Rc1 31.h3 Rc4 32.Kf3 h5 33.g3 h4 34.gxh4 Rxh4 35.Rxc5 Rxh3+
36.Kf4 Rh4+ 37.Kg5 Re4 38.Rc7+ Kf8 39.Rc3 Ra4 40.Kxf5 Ra5+ 41.Ke6 Ra6+ 42.Kd5 Ke7
43.Rc5 Rh6 44.e4 Rh5+ 45.e5 Rh6 46.Rc7+ Kd8 47.Ra7 Ke8 48.Rg7 Ra6 49.Ke4 Kf8
50.Rd7 Ke8 51.Rd6 Rxd6 52.exd6 Kd7 53.Kd5 Kd8  1/2-1/2

[Event "AUT Staatsliga Qualifier"]
[Site "Linz AUT"]
[Date "2000.04.02"]
[Round "3"]
[White "Beckhuis,G"]
[Black "Pilz,D"]
[Result "1-0"]
[WhiteElo "2343"]
[BlackElo "2316"]

1.Nf3 Nf6 2.c4 g6 3.Nc3 c5 4.g3 Bg7 5.Bg2 O-O 6.O-O Nc6 7.d4 cxd4 8.Nxd4 d6
9.e3 Bd7 10.Nde2 Rc8 11.b3 Na5 12.Rb1 Bc6 13.e4 Bd7 14.h3 a6 15.a4 Nc6 16.Bg5 Re8
17.Qd2 Ne5 18.Nd4 Qa5 19.Rfd1 Qc5 20.Be3 Qc7 21.Rbc1 Qb8 22.Nd5 Bc6 23.a5 Ned7
24.Nc3 Nc5 25.Qc2 Bd7 26.Qa2 Ne6 27.Nde2 h6 28.Nd5 h5 29.Nb6 Rcd8 30.Nc3 Bc6
31.b4 Nc7 32.Qb3 Na8 33.b5 axb5 34.cxb5 Bd7 35.Nxd7 Nxd7 36.b6 Nc5 37.Qb5 Rc8
38.Nd5 e6 39.Nc3 Red8 40.Na4 Na6 41.Bf4 Bf8 42.Nb2 e5 43.Bg5 Re8 44.Nd3 Nc5
45.Nxc5 dxc5 46.Bf1 Rc6 47.Bc4 Be7 48.Be3 Kg7 49.Rd7 Qc8 50.Rcd1 Rd8 51.Rxd8 Bxd8
52.Bd5 Rf6 53.Bxb7 Qxb7 54.Rxd8 Nxb6 55.Qe8  1-0

[Event "FSIMA April"]
[Site "Budapest HUN"]
[Date "2000.04.10"]
[Round "10"]
[White "Murzin,L"]
[Black "Driamin,D"]
[Result "0-1"]
[WhiteElo "2231"]
[BlackElo "2230"]

1.Nf3 e6 2.c4 Nf6 3.Nc3 c5 4.g3 b6 5.Bg2 Bb7 6.O-O Be7 7.b3 d5 8.e3 O-O 9.Bb2 Nc6
10.Qe2 Re8 11.d3 Qd7 12.Rad1 Rad8 13.Rd2 d4 14.exd4 cxd4 15.Nb1 e5 16.Rdd1 Bc5
17.Nbd2 h6 18.Rfe1 Nb4 19.a3 Nc2 20.Rf1 Nxa3 21.Nxe5 Bxg2 22.Kxg2 Qc7 23.f4 Nc2
24.Qf3 Ne3+ 25.Kg1 Nxd1 26.Rxd1 Nd7 27.Ng4 Kh8 28.b4 Bxb4 29.Nxh6 Nf6 30.Nf5 Qc5
31.g4 Bc3 32.Bc1 Re3 33.Qf2 Rxd3 34.Qh4+ Kg8 35.Qg5 Qf8 36.Ba3 Nh7 37.Nh6+ Kh8
38.Qh4 Qxa3 39.Qxd8+ Qf8 40.Nxf7+ Kg8 41.Re1 Qxd8 42.Nxd8 Nf6 43.Re7 Rxd2
44.Ne6 Rd1+ 45.Kf2 d3 46.g5 d2 47.Rxg7+ Kh8 48.gxf6 Rf1+ 49.Kxf1 d1=Q+ 50.Kf2 Qe1+  0-1

[Event "FSIMB April"]
[Site "Budapest HUN"]
[Date "2000.04.11"]
[Round "11"]
[White "Barth,N"]
[Black "Yu Mingyuan"]
[Result "1/2-1/2"]
[WhiteElo "2192"]
[BlackElo "2419"]

1.Nf3 Nf6 2.c4 c5 3.Nc3 e6 4.g3 d5 5.cxd5 exd5 6.d4 cxd4 7.Nxd4 Be7 8.Bg2 O-O
9.O-O Nc6 10.Bg5 h6 11.Be3 Re8 12.Nxc6 bxc6 13.Na4 Bd7 14.Rc1 Bf8 15.Bc5 Bxc5  1/2-1/2

[Event "FSIMA April"]
[Site "Budapest HUN"]
[Date "2000.04.11"]
[Round "11"]
[White "Froehlich,P"]
[Black "Eperjesi,L"]
[Result "1/2-1/2"]
[WhiteElo "2375"]
[BlackElo "2365"]

1.Nf3 Nf6 2.c4 e6 3.Nc3 c5 4.g3 b6 5.Bg2 Bb7 6.O-O Nc6 7.e4 e5 8.d3 Be7 9.Nh4 Nd4
10.Nf5 Nxf5 11.exf5 Bxg2 12.Kxg2 O-O 13.Bg5 Ne8 14.Bd2 Bg5 15.Be3 Nc7 16.Qf3 Bxe3
17.fxe3 f6 18.Rad1 Qe7 19.Nd5 Nxd5 20.Qxd5+ Kh8 21.Rf2  1/2-1/2

[Event "Chalapathi GM"]
[Site "Guntur, AP IND"]
[Date "2000.04.11"]
[Round "9"]
[White "Shariyazdanov,A"]
[Black "Kunte,A"]
[Result "1/2-1/2"]
[WhiteElo "2612"]
[BlackElo "2487"]

1.Nf3 c5 2.c4 Nf6 3.Nc3 e6 4.d4 cxd4 5.Nxd4 a6 6.a3 Qc7 7.e3 b6 8.Be2 Bb7
9.O-O Be7 10.Bd2 O-O 11.Rc1  1/2-1/2

[Event "Open"]
[Site "Dos Hermanas ESP"]
[Date "2000.04.12"]
[Round "6"]
[White "Franco Ocampos,Z"]
[Black "Reinaldo Castineira,R"]
[Result "1/2-1/2"]
[WhiteElo "2511"]
[BlackElo "2345"]

1.c4 c5 2.Nf3 Nf6 3.Nc3 e6 4.e3 d6 5.d4 Nbd7 6.Be2 a6 7.O-O Qc7 8.b3 cxd4
9.Nxd4 b6 10.Bf3 Bb7 11.Bb2  1/2-1/2

[Event "FSIMA April"]
[Site "Budapest HUN"]
[Date "2000.04.13"]
[Round "13"]
[White "Driamin,D"]
[Black "Atakisi,U"]
[Result "1/2-1/2"]
[WhiteElo "2230"]
[BlackElo "2274"]

1.c4 Nf6 2.Nc3 c5 3.Nf3 d5 4.cxd5 Nxd5 5.e4 Nb4 6.Bc4 Nd3+ 7.Ke2 Nf4+ 8.Kf1 Nc6
9.d4 cxd4 10.Bxf4 dxc3 11.Qb3 e6 12.Rd1 Qa5 13.Qxc3 Qxc3 14.bxc3 Bc5 15.Nd4 Bd7
16.Nb5 Ke7 17.Nd6 Na5 18.Be2 Bc6 19.h4 Rhd8 20.e5 f6 21.c4 Rd7 22.Rh3 fxe5
23.Bg5+ Kf8 24.Rhd3 Ba4 25.Ne4 Bd4 26.Nc5 Bxd1 27.Nxd7+ Ke8 28.Bxd1 Kxd7
29.Rf3 e4 30.Rf7+ Kd6 31.Ba4 Kc5 32.Bc2 Nxc4 33.Rxb7 Rc8 34.Rxa7 Kb6 35.Re7 Nd2+
36.Bxd2 Rxc2 37.Rxe6+ Kc5 38.Be3 Kd5 39.Re7 Bxe3 40.fxe3 Rxa2 41.Rxg7 Kc4
42.Rd7 h5 43.Rd4+ Kc5 44.Rxe4 Kd5 45.Re7 Ra4 46.g3 Ra2 47.Kg1 Rb2 48.Re8 Ra2
49.e4+ Kd4 50.e5 Ra5 51.e6  1/2-1/2

[Event "12th Open"]
[Site "Lenk SUI"]
[Date "2000.04.21"]
[Round "3"]
[White "Tukmakov,V"]
[Black "Suetin,A"]
[Result "1-0"]
[WhiteElo "2574"]
[BlackElo "2361"]

1.Nf3 c5 2.c4 Nf6 3.Nc3 d5 4.cxd5 Nxd5 5.d4 cxd4 6.Qxd4 Nxc3 7.Qxc3 Nc6 8.e4 e6
9.Bb5 Bd7 10.O-O Qb6 11.a4 Qc5 12.Qe1 a6 13.Be3 Qb4 14.Bd2 Qd6 15.Be2 Be7
16.Rd1 Qc7 17.b4 O-O 18.b5 axb5 19.axb5 Nb8 20.Bc3 f6 21.Rc1 Qd8 22.Bc4 Qe8
23.Qe2 Kh8 24.e5 f5 25.Nd4 Bc5 26.Rfd1 Bc8 27.Bb3 b6 28.Qc4 f4 29.Nxe6 Bxe6
30.Qxe6 Qh5 31.Bd4 Bxd4 32.Rxd4 f3 33.Rc8 Nd7 34.Rxf8+ Rxf8 35.Rxd7  1-0

[Event "Doeberl Cup"]
[Site "Canbarra AUS"]
[Date "2000.04.23"]
[Round "6"]
[White "Wohl,A"]
[Black "Johansen,D"]
[Result "1/2-1/2"]
[WhiteElo "2438"]
[BlackElo "2494"]

1.Nf3 c5 2.c4 Nf6 3.Nc3 e6 4.g3 b6 5.Bg2 Bb7 6.O-O Be7 7.d4 cxd4 8.Qxd4 d6
9.Rd1 a6 10.Bg5 Nbd7 11.Qd2 O-O 12.Bf4 Ne8 13.e4 Qc7 14.Rac1 Rd8  1/2-1/2

[Event "12th Open"]
[Site "Lenk SUI"]
[Date "2000.04.23"]
[Round "7"]
[White "Ginsburg,M"]
[Black "Saladin,T"]
[Result "1-0"]
[WhiteElo "2402"]
[BlackElo "2182"]

1.c4 c5 2.Nf3 Nf6 3.Nc3 b6 4.e4 d6 5.d4 cxd4 6.Nxd4 Bb7 7.Bd3 e6 8.O-O Nc6
9.Nxc6 Bxc6 10.b3 a6 11.Bb2 Be7 12.Qe2 Bb7 13.f4 O-O 14.Rf3 g6 15.Rh3 Nd7
16.a4 Bf6 17.Rd1 Rc8 18.Bc2 Qc7 19.Rhd3 Be7 20.e5 d5 21.cxd5 exd5 22.Rxd5 Bxd5
23.Nxd5 Bc5+ 24.Kh1 Qc6 25.Be4 Qe6 26.b4 Bxb4 27.Nxb4 Qc4 28.Bd3 Qxb4 29.e6 Nc5
30.e7 Rfe8 31.Qe5 f6 32.Qxf6 Rxe7 33.Qh8+ Kf7 34.Qg7+ Ke8 35.Bxg6+  1-0

[Event "Open"]
[Site "Crans Montana SUI"]
[Date "2000.04.30"]
[Round "5"]
[White "Tukmakov,V"]
[Black "Gheorghiu,F"]
[Result "1/2-1/2"]
[WhiteElo "2574"]
[BlackElo "2462"]

1.Nf3 c5 2.c4 Nf6 3.Nc3 e6 4.g3 b6 5.Bg2 Bb7 6.O-O Be7 7.Re1 Ne4 8.Nxe4 Bxe4
9.d3 Bb7 10.e4 Nc6 11.d4 Nxd4 12.Nxd4 cxd4 13.Qxd4 O-O 14.Rd1 d6 15.Qe3 Qc7
16.b3 Qc5 17.Qe2 Bf6 18.Be3 Qc7 19.Bd4 Be7 20.Bb2 Rad8 21.Rd3 Bc6 22.Rad1 b5
23.R3d2 Qb7 24.cxb5 Bxb5 25.Qe3 Rd7 26.Ba3 Rfd8 27.Bxd6 Rxd6 28.Rxd6 Rxd6
29.Rxd6 Bxd6 30.e5 Qa6 31.exd6 Qxd6 32.h4 a6 33.Kh2 Kf8 34.Qc3 Qa3 35.Qc8+ Ke7
36.Qc7+ Ke8 37.Qc8+  1/2-1/2

[Event "Open Semifinal"]
[Site "Crans Montana SUI"]
[Date "2000.04.30"]
[Round "6"]
[White "Tukmakov,V"]
[Black "Gheorghiu,F"]
[Result "1-0"]
[WhiteElo "2574"]
[BlackElo "2462"]

1.Nf3 c5 2.c4 Nf6 3.Nc3 e6 4.g3 b6 5.Bg2 Bb7 6.O-O Be7 7.Re1 Ne4 8.d4 Nxc3
9.bxc3 Be4 10.Bf1 Bxf3 11.exf3 Nc6 12.d5 Na5 13.f4 O-O 14.h4 Bf6 15.Bd2 exd5
16.cxd5 c4 17.Bg2 b5 18.Rb1 a6 19.Qc2 Rb8 20.Be4 h6 21.Kg2 Nb7 22.g4 Bxh4
23.g5 f5 24.Bxf5 Nd6 25.Bh7+ Kh8 26.Rh1 hxg5 27.Bg6 Qf6 28.Be3 Kg8 29.Bh7+ Kf7
30.fxg5 Bxg5 31.f4 Bxf4 32.Bxf4 Qxf4 33.Rhf1 Ke7 34.Qe2+ Kd8 35.Rxf4 Rxf4
36.Qe5 Rf6 37.Rf1 Kc7 38.Rxf6 gxf6 39.Qxf6 Rb6 40.Qd4 Nb7 41.Kf2 Rh6 42.Qf4+ Rd6
43.Ke3 Nc5 44.Bf5 Na4 45.Kd4 Nb6 46.Kc5 Na4+ 47.Kb4 Nb6 48.Be4  1-0

[Event "FSIM May"]
[Site "Budapest HUN"]
[Date "2000.05.08"]
[Round "3"]
[White "Froehlich,P"]
[Black "Yu Mingyuan"]
[Result "1/2-1/2"]
[WhiteElo "2375"]
[BlackElo "2419"]

1.Nf3 Nf6 2.c4 e6 3.Nc3 c5 4.e3 Nc6 5.d4 cxd4 6.exd4 d5 7.Bd3 dxc4 8.Bxc4 Be7
9.O-O O-O 10.a3 a6 11.Ba2 b5 12.Be3 Bb7 13.Qe2 b4 14.Na4 Qa5 15.Nc5 Nxd4
16.Nxd4 Qxc5 17.Nxe6 Qc6 18.Nf4 Qe4 19.f3 Qe5 20.Nd3 Qb5 21.a4 Qf5 22.Rfd1 Rfe8
23.Qf2 Rac8 24.Rac1 Nd5 25.Rxc8 Rxc8 26.Bd4 a5 27.Bb3 h6 28.Qg3 Bg5 29.Qe5 Qxe5
30.Nxe5 Re8  1/2-1/2

[Event "Kastav"]
[Site "Opatija CRO"]
[Date "2000.05.08"]
[Round "4"]
[White "Rukavina,J"]
[Black "Kiss,At"]
[Result "1/2-1/2"]
[WhiteElo "2419"]
[BlackElo "2326"]

1.Nf3 c5 2.c4 Nf6 3.Nc3 b6 4.d4 cxd4 5.Nxd4 Bb7 6.f3 d6 7.e4 Nbd7 8.Be3 a6
9.Be2 e6 10.a4 Be7 11.a5 bxa5 12.Qa4 O-O 13.Nb3 Rb8 14.Nxa5 Ba8 15.Qa2 Qc7  1/2-1/2

[Event "Capablanca Mem Premier I"]
[Site "Varadero CUB"]
[Date "2000.05.09"]
[Round "3"]
[White "Lopez Martinez,J"]
[Black "Gomez,Fe"]
[Result "0-1"]
[WhiteElo "2465"]
[BlackElo "2414"]

1.Nf3 Nf6 2.c4 c5 3.Nc3 d5 4.d4 cxd4 5.Nxd5 Nxd5 6.cxd5 Qxd5 7.Qxd4 Qxd4
8.Nxd4 e5 9.Nb5 Bb4+ 10.Bd2 Bxd2+ 11.Kxd2 Na6 12.Rc1 Ke7 13.e4 Rd8+ 14.Ke3 Nb4
15.Be2 Nc6 16.Bc4 Be6 17.Bd5 Nb4 18.Nc7 Rac8 19.Bxb7 Rb8 20.Bd5 Bxd5 21.exd5 Nxa2
22.Rc2 Nb4 23.Rc5 Rd7 24.Rhc1 Rb7 25.Ke4 f5+ 26.Ke3 Rbxc7 27.d6+ Kxd6  0-1

[Event "FSFM May"]
[Site "Budapest HUN"]
[Date "2000.05.10"]
[Round "5"]
[White "Kievelitz,B"]
[Black "Dudics,I"]
[Result "1/2-1/2"]
[WhiteElo "2168"]
[BlackElo "2051"]

1.Nf3 Nf6 2.c4 c5 3.Nc3 b6 4.g3 Bb7 5.Bg2 a6 6.O-O e6 7.Re1 Be7 8.e4 d6 9.d4 cxd4
10.Nxd4 Qc7 11.Be3 Nc6 12.Nxc6 Bxc6 13.Rc1 O-O 14.Qe2 Qb7 15.f3 Nd7 16.b3 Rfd8
17.Nd5 Bxd5 18.cxd5 Rac8 19.dxe6 fxe6 20.f4 b5 21.Qg4 Nf8 22.e5 d5 23.f5 exf5
24.Qxf5 Rxc1 25.Bxc1 Qb6+ 26.Kh1 Qe6 27.Qf1 g5 28.Qe2 h6 29.Bf3 d4 30.Be4 Ng6
31.Bxg6 Qxg6 32.Bd2 Qc6+ 33.Qe4 Qxe4+ 34.Rxe4 Kf7 35.e6+ Kf6 36.g4 Rd5 37.Kg2 Bd6
38.h3 Be5 39.Kf3 Kxe6 40.Ke2 d3+  1/2-1/2

[Event "Open"]
[Site "Pula CRO"]
[Date "2000.05.20"]
[Round "5"]
[White "Tratar,M"]
[Black "Palac,M"]
[Result "0-1"]
[WhiteElo "2439"]
[BlackElo "2570"]

1.Nf3 c5 2.c4 Nf6 3.Nc3 e6 4.g3 d5 5.cxd5 Nxd5 6.Bg2 Nc6 7.d4 Be7 8.O-O O-O
9.Nxd5 exd5 10.dxc5 Bxc5 11.Bg5 Qd7 12.Rc1 Bb6 13.Ne1 h6 14.Bf4 Rd8 15.a3 Qe7
16.Bd2 Bg4 17.Bf3 Bf5 18.Bc3 d4 19.Bd2 Ne5 20.Bg2 Rac8 21.Rxc8 Rxc8 22.Bb4 Qd7
23.Nf3 Nxf3+ 24.Bxf3 Rc2 25.b3 Qb5 26.Bxb7 a5 27.Bd2 Qxb3 28.Bc1 Qc4 29.e4 Bh3  0-1

[Event "Capablanca Mem Premier I"]
[Site "Varadero CUB"]
[Date "2000.05.22"]
[Round "13"]
[White "Franco Ocampos,Z"]
[Black "Lopez Martinez,J"]
[Result "1-0"]
[WhiteElo "2511"]
[BlackElo "2465"]

1.c4 Nf6 2.Nf3 c5 3.Nc3 d5 4.cxd5 Nxd5 5.g3 Nc6 6.Bg2 Nc7 7.O-O e5 8.a3 f6
9.e3 Be6 10.d4 cxd4 11.exd4 Nxd4 12.Nxd4 exd4 13.Ne2 Bd5 14.Bxd5 Qxd5 15.Nf4 Qc4
16.Qh5+ Kd8 17.Rd1 Qc5 18.Qf7 Kc8 19.b4 Qe7 20.Qc4 b5 21.Qxd4 Kb7 22.Be3 Qe5
23.Qd7 Be7 24.Rac1 Rad8 25.Qc6+ Kb8 26.Re1 Bd6 27.Bc5  1-0

[Event "ch-IND"]
[Site "Mumbai IND"]
[Date "2000.05.26"]
[Round "10"]
[White "Hegde,R"]
[Black "Kunte,A"]
[Result "1/2-1/2"]
[WhiteElo "2387"]
[BlackElo "2487"]

1.Nf3 Nf6 2.c4 c5 3.Nc3 e6 4.g3 b6 5.Bg2 Bb7 6.O-O Be7 7.d4 cxd4 8.Qxd4 O-O
9.Rd1 Nc6 10.Qf4 d6 11.b3 Qd7 12.Bb2 Rad8 13.Rac1 Nb8 14.e4 Qc8 15.Nd4 a6
16.Nd5 Rfe8 17.Nxb6 Qc5  1/2-1/2

[Event "City-ch"]
[Site "Lisbon POR"]
[Date "2000.05.30"]
[Round "10"]
[White "Morais,V"]
[Black "Santos,AP"]
[Result "0-1"]
[WhiteElo "2156"]
[BlackElo "2272"]

1.Nf3 Nf6 2.c4 g6 3.Nc3 c5 4.g3 Bg7 5.Bg2 O-O 6.O-O Nc6 7.Rb1 d5 8.cxd5 Nxd5
9.Qa4 Nc7 10.a3 Bd7 11.Qc4 Ne6 12.Ne4 Ncd4 13.Nxd4 Nxd4 14.Nc3 b6 15.Bxa8 Qxa8
16.f4 Be6 17.Qa6 b5 18.b4 Nxe2+ 19.Nxe2 Qe4 20.Kf2 Bg4 21.Qxb5 c4 22.Bb2 Qxe2+
23.Kg1 Bxb2  0-1

[Event "zt 1.8"]
[Site "Minsk BLR"]
[Date "2000.06.05"]
[Round "10"]
[White "Ibrahimov,R"]
[Black "Kasparov,S"]
[Result "0-1"]
[WhiteElo "2415"]
[BlackElo "2465"]

1.Nf3 Nf6 2.c4 c5 3.Nc3 e6 4.g3 b6 5.Bg2 Bb7 6.O-O Be7 7.Re1 d5 8.cxd5 Nxd5
9.e4 Nxc3 10.bxc3 O-O 11.d4 Nc6 12.d5 exd5 13.exd5 Na5 14.Ne5 Bd6 15.Bf4 Qc7
16.Nc6 Bxf4 17.Nxa5 bxa5 18.gxf4 Qxf4 19.Rb1 Ba6 20.d6 Rad8 21.d7 Qf5 22.Qd6 Bc4
23.Bc6 Bxa2 24.Rb7 Be6 25.Rxa7 g6 26.f4 a4 27.Bxa4 Qg4+ 28.Kf2 Qh4+ 29.Ke2 Bxd7
30.Bxd7 Rfe8+ 31.Kd3 Qxe1 32.Kc4 Re4+ 33.Kb5 Qe2+ 34.Ka5 Qa2+ 35.Kb6 Qb3+  0-1

[Event "Parkroyal Int"]
[Site "Surfers Paradise AUS"]
[Date "2000.06.13"]
[Round "7"]
[White "Johansen,D"]
[Black "Ftacnik,L"]
[Result "0-1"]
[WhiteElo "2494"]
[BlackElo "2579"]

1.Nf3 Nf6 2.c4 c5 3.Nc3 b6 4.d4 cxd4 5.Nxd4 Bb7 6.Bg5 Nc6 7.e4 Qb8 8.Nxc6 Bxc6
9.Bd3 e6 10.Qe2 Bd6 11.Nd5 Nxd5 12.exd5 Bb7 13.O-O-O Bf4+ 14.Bxf4 Qxf4+ 15.Kb1 O-O
16.g3 Qf6 17.Be4 exd5 18.Bxd5 Rae8 19.Qc2 Bxd5 20.Rxd5 Qf3 21.Rhd1 Re2 22.Rf5 Qg4
23.f3 Qh3 24.Qxe2 Qxf5+ 25.Qd3 Qh3 26.Qxd7 Qxh2 27.Qxa7 Qxg3 28.Qxb6 Qxf3
29.Qd4 h5 30.Rg1 g6 31.c5 Rc8 32.Rc1 h4 33.Qxh4 Qd3+ 34.Ka1 Rxc5 35.Re1 Kg7
36.a3 Qd2 37.Rh1 Rh5 38.Qe4 Rxh1+ 39.Qxh1 g5 40.Qf3 Qf4 41.Qc3+ f6 42.Qc5 g4
43.Qe7+ Kg6 44.Qe8+ Kg5 45.Qg8+ Kh4 46.Qh7+ Kg3 47.b4 f5 48.Kb2 Qe5+ 49.Ka2 f4
50.Qd3+ f3  0-1

[Event "Parkroyal Int"]
[Site "Surfers Paradise AUS"]
[Date "2000.06.15"]
[Round "9"]
[White "Wallace,JP"]
[Black "Johansen,D"]
[Result "1/2-1/2"]
[WhiteElo "2367"]
[BlackElo "2494"]

1.Nf3 c5 2.c4 Nf6 3.Nc3 b6 4.e3 g6 5.d4 Bg7 6.d5 d6 7.h3 O-O 8.Bd3 e6 9.e4 Na6
10.Bg5 Nc7  1/2-1/2

[Event "Parkroyal Int"]
[Site "Surfers Paradise AUS"]
[Date "2000.06.15"]
[Round "9"]
[White "Ftacnik,L"]
[Black "Wohl,A"]
[Result "1-0"]
[WhiteElo "2579"]
[BlackElo "2438"]

1.Nf3 Nf6 2.c4 e6 3.Nc3 c5 4.g3 Nc6 5.Bg2 Qb6 6.O-O Be7 7.b3 O-O 8.Bb2 d5
9.cxd5 exd5 10.d4 cxd4 11.Na4 Qa6 12.Nxd4 Bg4 13.h3 Nxd4 14.Qxd4 Bxe2 15.Rfe1 Rfe8
16.Nc3 Bf8 17.Rxe2 Rxe2 18.Bf1 Rxb2 19.Bxa6 bxa6 20.Nxd5 Rc2 21.Nxf6+ gxf6
22.Qd3 Rac8 23.Qxa6 R8c3 24.Qxf6 Bc5 25.Kh1 Rc1+ 26.Rxc1 Rxc1+ 27.Kg2 Rc2
28.Qg5+ Kf8 29.Qf5  1-0

[Event "IV Pablo Gorbea Mem Open"]
[Site "Madrid ESP"]
[Date "2000.06.16"]
[Round "7"]
[White "Schmidt,JP"]
[Black "Blanco Sanjuan,J"]
[Result "1-0"]
[WhiteElo "2324"]
[BlackElo "2185"]

1.Nf3 Nf6 2.c4 c5 3.Nc3 d5 4.cxd5 Nxd5 5.e3 e6 6.d4 cxd4 7.exd4 Nc6 8.Bd3 Be7
9.O-O O-O 10.Re1 b6 11.Nxd5 Qxd5 12.Be4 Qd6 13.Qc2 Bb7 14.Bxh7+ Kh8 15.Be4 f5
16.Bxc6 Bxc6 17.Ne5 Rac8 18.Qb3 Bd5 19.Qh3+ Kg8 20.Bf4 Qb4 21.Ng6 Bf6 22.Be5 Bxe5
23.Qh8+ Kf7 24.Nxe5+ Ke8 25.Qxg7 Qd6 26.Rac1  1-0

[Event "Jack Collins Int Gp A"]
[Site "New York USA"]
[Date "2000.06.17"]
[Round "5"]
[White "Young,A"]
[Black "Gross,Dav GER"]
[Result "1/2-1/2"]
[WhiteElo "2441"]
[BlackElo "2465"]

1.Nf3 Nf6 2.c4 c5 3.Nc3 d5 4.cxd5 Nxd5 5.g3 Nc6 6.Bg2 g6 7.Qb3 e6 8.d3 Bg7
9.Bg5 Qd7 10.O-O O-O 11.Rfd1 h6 12.Bd2 b6 13.Rac1 Nde7 14.Nb5 Bb7 15.a4 Nd5
16.d4 a6 17.dxc5 bxc5 18.e4 c4 19.Qxc4 axb5 20.axb5 Na7 21.exd5 Bxd5 22.Bc3 Qxb5  1/2-1/2

[Event "XVIII Open"]
[Site "Andorra AND"]
[Date "2000.06.24"]
[Round "1"]
[White "Georgiev,Vl"]
[Black "Trouville,R"]
[Result "1-0"]
[WhiteElo "2538"]
[BlackElo "2143"]

1.c4 c5 2.Nf3 Nf6 3.Nc3 d5 4.cxd5 Nxd5 5.g3 g6 6.Bg2 Bg7 7.Qa4+ Nc6 8.O-O O-O
9.Qc4 Ndb4 10.Qxc5 b6 11.Qc4 Be6 12.Qh4 Bd7 13.d3 Nc2 14.Rb1 N2d4 15.Nxd4 Nxd4
16.Bxa8 Qxa8 17.f3 Nf5 18.Qb4 a5 19.Qb3 Bd4+ 20.Kg2 Qc8 21.Bd2 h5 22.e4 Ne3+
23.Bxe3 Bxe3 24.Nd5 Bh3+ 25.Kh1 Qc5 26.Rfd1 e6 27.d4 Bxd4 28.Nf4  1-0